Top Scorers Premier League 2017-18 - Statistics

General Stats
  • This quiz has been taken 113 times
  • The average score is 17 of 22
Answer Stats
# Player Club Goals % Correct
2 Harry Kane Tottenham Hotspur 30
100%
4 Jamie Vardy Leicester City 20
100%
1 Mohamed Salah Liverpool 32
100%
3 Sergio Agüero Manchester City 21
100%
7 Roberto Firmino Liverpool 15
93%
5 Raheem Sterling Manchester City 18
90%
16 Sadio Mané Liverpool 10
89%
8 Alexandre Lacazette Arsenal 14
86%
10 Heung-min Son Tottenham Hotspur 12
86%
10 Eden Hazard Chelsea 12
84%
6 Romelu Lukaku Manchester United 16
83%
10 Riyad Mahrez Leicester City 12
81%
16 Pierre-Emerick Aubameyang Arsenal 10
78%
16 Leroy Sané Manchester City 10
75%
14 Alvaro Morata Chelsea 11
69%
9 Gabriel Jesus Manchester City 13
69%
16 Christian Eriksen Tottenham Hotspur 10
64%
16 Wayne Rooney Everton 10
60%
16 Chris Wood Burnley 10
53%
10 Glenn Murray Brighton 12
45%
14 Marko Arnautovic West Ham 11
36%
16 Luka Milivojevic Crystal Palace 10
19%
No matching quizzes found
Score Distribution
Percent of People with Each Score
Percentile by Number Answered
Your Score History
You have not taken this quiz